[Event "Albrecht-Beer-Turnier Gera"]
[Site "Gera"]
[Date "2024.10.03"]
[Round "1.30"]
[White "Feldmann, Bernd"]
[Black "Wagner, Silvio"]
[Result "1-0"]
[WhiteElo "1987"]
[BlackElo "1671"]
[PlyCount "115"]
[EventDate "2024.10.03"]
[WhiteTeam "Randspringer Bad Salzungen"]
[BlackTeam "Einheit Börnichen"]

1. d4 d5 2. Nf3 Nc6 3. Bg5 h6 4. Bh4 Bf5 5. c3 Qd7 6. e3 e6 7. Bb5 Nge7 8. Bxe7
Bxe7 9. Ne5 Qd6 10. Qa4 O-O 11. Bxc6 bxc6 12. Qxc6 Qxc6 13. Nxc6 Bf6 14. b4 Be4
15. f3 Bd3 16. a4 a6 17. Kd2 Bg6 18. Na3 Rfe8 19. Nc2 e5 20. dxe5 Bxe5 21. Nxe5
Rxe5 22. Nd4 Rae8 23. Rhe1 f5 24. f4 Re4 25. Nf3 R4e7 26. Ne5 Re6 27. Reb1 Rc8
28. b5 Be8 29. Nf3 Ra8 30. Nd4 Rg6 31. g3 Rf6 32. h4 Bd7 33. bxa6 Rfxa6 34. Rb7
Rc8 35. a5 Kh7 36. Nb3 Bc6 37. Rb4 Raa8 38. Nc5 Re8 39. a6 Re7 40. Nd3 Re6 41.
a7 Ree8 42. Ne5 Re6 43. Nxc6 Rxc6 44. Rb8 Rxa7 45. Rxa7 Rg6 46. Rxc7 Rxg3 47.
Rbb7 Rg4 48. h5 Rg2+ 49. Kd3 Rg1 50. Kd4 Rd1+ 51. Ke5 Rd3 52. Rxg7+ Kh8 53.
Rgc7 Rxe3+ 54. Kxf5 Re8 55. Rb6 Rf8+ 56. Rf6 Rxf6+ 57. Kxf6 d4 58. Kg6 1-0

[Event "Albrecht-Beer-Turnier Gera"]
[Site "Gera"]
[Date "2024.10.03"]
[Round "1.31"]
[White "Burchardi, Helena"]
[Black "Fietsch, Roland"]
[Result "0-1"]
[WhiteElo "1669"]
[BlackElo "1982"]
[PlyCount "106"]
[EventDate "2024.10.03"]
[WhiteTeam "SV Königsjäger Süd-West"]
[BlackTeam "VfL 1990 Gera"]

1. e4 c5 2. Nf3 d6 3. d4 cxd4 4. Qxd4 Nc6 5. Bb5 Bd7 6. Bxc6 Bxc6 7. Nc3 Nf6 8.
O-O e5 9. Qd3 Be7 10. Bg5 O-O 11. Rad1 Qa5 12. Bxf6 Bxf6 13. Nd5 Bxd5 14. Qxd5
Qxd5 15. Rxd5 Rac8 16. c3 Rc6 17. Nd2 Be7 18. Rb5 Rc7 19. Rd1 a6 20. Rd5 b5 21.
Nf1 f5 22. Ng3 g6 23. R1d3 f4 24. Ne2 g5 25. g4 Kg7 26. Kg2 Rh8 27. f3 h5 28.
h3 hxg4 29. fxg4 Rc4 30. b3 Rxe4 31. Ng1 Rf8 32. Rf3 Rc8 33. Kf2 Re3 34. Ne2
Rxf3+ 35. Kxf3 Kf6 36. Ke4 Ke6 37. Rd1 Bd8 38. Kd3 d5 39. Kd2 Bb6 40. Re1 Be3+
41. Kd1 Rh8 42. Rh1 Bb6 43. Kd2 e4 44. Kd1 Ke5 45. Kd2 f3 46. Ng3 e3+ 47. Ke1
Rc8 48. Ne2 fxe2 49. Kxe2 Rxc3 50. Rf1 Rc2+ 51. Kd3 Rf2 52. Re1 d4 53. a3 Rd2#
0-1

[Event "Albrecht-Beer-Turnier Gera"]
[Site "Gera"]
[Date "2024.10.03"]
[Round "1.32"]
[White "Steinbacher, Bernd"]
[Black "Scheiding, Sophia"]
[Result "1/2-1/2"]
[WhiteElo "1972"]
[BlackElo "1669"]
[PlyCount "50"]
[EventDate "2024.10.03"]
[WhiteTeam "USG Chemnitz"]
[BlackTeam "Meuselwitzer SV"]

1. e4 e5 2. Nf3 Nf6 3. Nc3 Nc6 4. Bc4 Nxe4 5. Bxf7+ Kxf7 6. Nxe4 Be7 7. d4 exd4
8. Nfg5+ Ke8 9. Qf3 Ne5 10. Qb3 h6 11. Qg3 d6 12. Nf3 Bf6 13. Nxd4 Qe7 14. O-O
Kd8 15. Nxf6 Qxf6 16. c3 Rf8 17. b3 g5 18. Ba3 h5 19. Rad1 h4 20. Qe3 Ng4 21.
Qe2 Ne5 22. Nb5 Bd7 23. Nxd6 cxd6 24. Rxd6 Qg7 25. Rfd1 Re8 1/2-1/2

[Event "Albrecht-Beer-Turnier Gera"]
[Site "Gera"]
[Date "2024.10.03"]
[Round "1.33"]
[White "Shynkar, Daria"]
[Black "Helms, Sven"]
[Result "0-1"]
[WhiteElo "1661"]
[BlackElo "1966"]
[PlyCount "60"]
[EventDate "2024.10.03"]
[WhiteTeam "Schachakademie Paderborn"]
[BlackTeam "SF Schwerin"]

1. d4 Nf6 2. c4 e6 3. Nc3 Bb4 4. e3 O-O 5. Bd3 d5 6. cxd5 exd5 7. Nge2 c6 8.
O-O Re8 9. f3 c5 10. a3 Bxc3 11. bxc3 Nc6 12. Ng3 Be6 13. Rb1 Qc7 14. Bb2 Rad8
15. Rc1 Na5 16. Re1 Nc4 17. Bxc4 dxc4 18. e4 Bc8 19. Qe2 b5 20. a4 Ba6 21. axb5
Bxb5 22. Red1 Nd5 23. Qd2 Nf4 24. Ra1 h5 25. e5 Rxe5 26. dxe5 Rxd2 27. Rxd2
Qxe5 28. Ne4 Bc6 29. Rd8+ Kh7 30. Nd2 Qg5 0-1

[Event "Albrecht-Beer-Turnier Gera"]
[Site "Gera"]
[Date "2024.10.03"]
[Round "1.34"]
[White "Gast, Rainer"]
[Black "Ottlik, Marie"]
[Result "1-0"]
[WhiteElo "1965"]
[BlackElo "1657"]
[PlyCount "53"]
[EventDate "2024.10.03"]
[WhiteTeam "SV Breitenworbis"]
[BlackTeam "TSV Kitzscher"]

1. d4 Nf6 2. c4 g6 3. Nc3 Bg7 4. e4 d6 5. Be2 O-O 6. Nf3 e5 7. d5 Ng4 8. h3 Nh6
9. g4 f6 10. Be3 a5 11. Qc2 Na6 12. Nd2 Qe7 13. f3 Nc5 14. O-O-O Bd7 15. Kb1 a4
16. Rdg1 Nf7 17. Nf1 Rfb8 18. Ng3 c6 19. h4 Be8 20. g5 fxg5 21. h5 Nh8 22. hxg6
Bxg6 23. Nf5 Bxf5 24. Bxg5 Bxe4 25. Nxe4 Qd7 26. Nxc5 dxc5 27. Qxh7+ 1-0

[Event "Albrecht-Beer-Turnier Gera"]
[Site "Gera"]
[Date "2024.10.03"]
[Round "1.36"]
[White "Reimann, Hubert"]
[Black "Richter, Felix"]
[Result "1-0"]
[WhiteElo "1956"]
[BlackElo "1646"]
[PlyCount "161"]
[EventDate "2024.10.03"]
[WhiteTeam "SV Motor Zeitz"]
[BlackTeam "SK Zehlendorf"]

1. d4 d5 2. Nf3 Nf6 3. c4 c6 4. e3 Bf5 5. Nc3 e6 6. Bd3 Bxd3 7. Qxd3 Nbd7 8.
O-O Bd6 9. b3 O-O 10. Bb2 Re8 11. Rfd1 Bb4 12. a3 Ba5 13. b4 Bc7 14. e4 Nb6 15.
cxd5 exd5 16. e5 Nfd7 17. Bc1 Nf8 18. Qf5 Qd7 19. Qh5 Ne6 20. Nh4 Nc8 21. f4
Bb6 22. Be3 Bd8 23. f5 Nf8 24. Rf1 Bxh4 25. Qxh4 Ne7 26. g4 Kh8 27. f6 Ng8 28.
fxg7+ Kxg7 29. Rf5 Re6 30. Raf1 Rg6 31. h3 Re8 32. Qf2 f6 33. exf6+ Kf7 34. Kh1
Qe6 35. Bg5 Nd7 36. Bh4 h6 37. Qf4 Qe3 38. Rf3 Qxf4 39. R5xf4 Ngxf6 40. Bf2 Re7
41. Nd1 Kg7 42. Ne3 Re6 43. Bh4 Re4 44. Nf5+ Kf8 45. Ng3 Rxf4 46. Rxf4 Ke7 47.
Nh5 Ke6 48. Nxf6 Nxf6 49. Bxf6 Rxf6 50. Rxf6+ Kxf6 51. Kg2 Ke6 52. Kf3 b6 53.
h4 Kd6 54. Kf4 Ke6 55. g5 hxg5+ 56. hxg5 a6 57. g6 Kf6 58. g7 Kxg7 59. Ke5 Kg6
60. Kd6 Kf5 61. Kxc6 Ke4 62. Kxb6 Kxd4 63. Kxa6 Kc3 64. b5 d4 65. b6 d3 66. b7
d2 67. b8=Q d1=Q 68. Qb4+ Kc2 69. Qa4+ Kb2 70. Qxd1 Ka2 71. Qa4 Kb2 72. Qb4+
Kc2 73. Kb5 Kd3 74. a4 Ke2 75. a5 Kf3 76. a6 Ke3 77. a7 Kf3 78. a8=Q+ Ke3 79.
Qae4+ Kf2 80. Qd2+ Kf1 81. Qee1# 1-0

[Event "Albrecht-Beer-Turnier Gera"]
[Site "Gera"]
[Date "2024.10.03"]
[Round "1.37"]
[White "Horn, Jens"]
[Black "Skibbe, Diana"]
[Result "0-1"]
[WhiteElo "1644"]
[BlackElo "1955"]
[PlyCount "90"]
[EventDate "2024.10.03"]
[WhiteTeam "Post-SV Crimmitschau"]
[BlackTeam "SC Rochade Zeulenroda"]

1. c4 f5 2. Nc3 Nf6 3. g3 g6 4. Bg2 Bg7 5. d3 e5 6. Nf3 d6 7. Bg5 c6 8. a3 h6
9. Bxf6 Qxf6 10. e4 f4 11. Nh4 O-O 12. O-O Na6 13. Rc1 Nc5 14. b4 Ne6 15. Nf3
Nd4 16. h3 h5 17. gxf4 Qxf4 18. Nxd4 exd4 19. Ne2 Qh4 20. f4 Bxh3 21. Qe1 Qxe1
22. Rcxe1 Bxg2 23. Kxg2 Rae8 24. Ng3 h4 25. Ne2 Bf6 26. Kh3 Rf7 27. f5 gxf5 28.
Rxf5 Be5 29. Rxf7 Kxf7 30. Kxh4 Rh8+ 31. Kg4 Rh2 32. a4 Rf2 33. b5 c5 34. Nc1
Bf4 35. Nb3 b6 36. a5 Ke6 37. a6 Ke5 38. Rh1 Rg2+ 39. Kf3 Rg3+ 40. Ke2 Re3+ 41.
Kf2 Rxd3 42. Na5 Kxe4 43. Nc6 Rd2+ 44. Ke1 Rc2 45. Rh7 d3 0-1

[Event "Albrecht-Beer-Turnier Gera"]
[Site "Gera"]
[Date "2024.10.03"]
[Round "1.38"]
[White "May, Alexander"]
[Black "Kohl, Anke"]
[Result "1-0"]
[WhiteElo "1952"]
[BlackElo "1641"]
[PlyCount "49"]
[EventDate "2024.10.03"]
[WhiteTeam "SV Gernrode 1887"]
[BlackTeam "Meuselwitzer SV"]

1. d4 d5 2. Nf3 e6 3. e3 Nf6 4. Bd3 c5 5. b3 Be7 6. O-O O-O 7. Nbd2 Nc6 8. a3
a6 9. Bb2 b6 10. Ne5 Bb7 11. f4 cxd4 12. exd4 b5 13. Qe2 Qb6 14. Ndf3 Rfc8 15.
Nxc6 Bxc6 16. Ne5 Bb7 17. f5 Qd6 18. fxe6 fxe6 19. Rae1 b4 20. axb4 Qxb4 21.
Ng4 Nxg4 22. Qxe6+ Kh8 23. Qxe7 Qb6 24. Rf7 Qh6 25. h3 1-0

[Event "Albrecht-Beer-Turnier Gera"]
[Site "Gera"]
[Date "2024.10.03"]
[Round "1.39"]
[White "Päpke, Aaron"]
[Black "Helmsdorf, Marius"]
[Result "0-1"]
[WhiteElo "1640"]
[BlackElo "1948"]
[PlyCount "36"]
[EventDate "2024.10.03"]
[WhiteTeam "SC Agon Neumünster"]
[BlackTeam "ESV Gera"]

1. c4 e5 2. g3 Nf6 3. Bg2 d5 4. cxd5 Nxd5 5. Nc3 Nb6 6. Nf3 Nc6 7. O-O Be6 8.
d3 Qd7 9. Ng5 Bf5 10. a4 a5 11. Bd2 f6 12. Nf3 Bh3 13. Ne1 h5 14. Nc2 h4 15. f3
hxg3 16. hxg3 Bxg2 17. Kxg2 Qh3+ 18. Kf2 Qh2+ 0-1

[Event "Albrecht-Beer-Turnier Gera"]
[Site "Gera"]
[Date "2024.10.03"]
[Round "1.40"]
[White "Kottwitz, Daniel"]
[Black "Hladeniuk, Yelyzaveta"]
[Result "1/2-1/2"]
[WhiteElo "1948"]
[BlackElo "1626"]
[PlyCount "73"]
[EventDate "2024.10.03"]
[WhiteTeam "SZ Elstertal Langenberg"]
[BlackTeam "Schachakademie Paderborn"]

1. d4 Nf6 2. Bf4 e6 3. e3 c5 4. c3 Nc6 5. Nd2 d5 6. Bd3 c4 7. Bc2 Bd6 8. Bxd6
Qxd6 9. f4 b5 10. a3 Bb7 11. Ngf3 Nd7 12. Ne5 Ndxe5 13. fxe5 Qe7 14. O-O Kd7
15. e4 Na5 16. exd5 Bxd5 17. Be4 Bxe4 18. Nxe4 Nb3 19. Rb1 Rad8 20. Nd6 f6 21.
Nxb5 fxe5 22. dxe5+ Kc6 23. Nd4+ Kb6 24. Qf3 Qc5 25. Rbd1 Nxd4 26. cxd4 Rxd4
27. Qf2 Rxd1 28. Qxc5+ Kxc5 29. Rxd1 a5 30. Rd6 Re8 31. Kf2 Rf8+ 32. Ke2 Rf5
33. Rxe6 Kd5 34. Rd6+ Kxe5 35. Rd7 Kf6 36. Rc7 Rb5 37. Rc6+ 1/2-1/2

[Event "Albrecht-Beer-Turnier Gera"]
[Site "Gera"]
[Date "2024.10.03"]
[Round "1.41"]
[White "Stadelmann, Constantin"]
[Black "Maiwald, Harald"]
[Result "0-1"]
[WhiteElo "1623"]
[BlackElo "1946"]
[PlyCount "62"]
[EventDate "2024.10.03"]
[WhiteTeam "SSV Vimaria 91 Weimar"]
[BlackTeam "TSG Apolda"]

1. d4 Nf6 2. Nf3 g6 3. Nc3 d5 4. Bf4 Bg7 5. Qd2 Ne4 6. Qe3 Bf5 7. h3 c5 8. Nxe4
dxe4 9. Ne5 cxd4 10. Qb3 O-O 11. O-O-O Nc6 12. g4 Be6 13. Nxc6 bxc6 14. Qa4 Qb6
15. Qa3 Bd5 16. Qxe7 d3 17. Qa3 Qxf2 18. Bd6 dxe2 19. Bxe2 Qxe2 20. Bxf8 Bxf8
21. Qg3 Qa6 22. a3 Qc4 23. Rhf1 Qa2 24. c3 Bb3 25. Qc7 Bh6+ 26. Rf4 Qa1+ 27.
Kd2 Qxd1+ 28. Ke3 Qc1+ 29. Kxe4 Bd5+ 30. Kd3 Qxf4 31. Qb7 Qd2# 0-1

[Event "Albrecht-Beer-Turnier Gera"]
[Site "Gera"]
[Date "2024.10.03"]
[Round "1.42"]
[White "Phenn, Jan-Niklas"]
[Black "Schuricht, Dirk"]
[Result "1-0"]
[WhiteElo "1943"]
[BlackElo "1619"]
[PlyCount "47"]
[EventDate "2024.10.03"]
[WhiteTeam "SC Reichenbach"]
[BlackTeam "Krefelder SK Turm 1851"]

1. d4 Nf6 2. c4 c5 3. e3 cxd4 4. exd4 d5 5. Nc3 g6 6. Bg5 Be6 7. Bxf6 exf6 8.
Qb3 dxc4 9. Qxb7 Nd7 10. Qe4 Nb6 11. Rd1 Qe7 12. Nge2 Bf5 13. Qxe7+ Bxe7 14.
Ng3 Be6 15. Be2 f5 16. Bf3 Rd8 17. O-O O-O 18. Rfe1 Rfe8 19. Nb5 Bd5 20. Nc7
Bxf3 21. gxf3 Nd5 22. Nxe8 Rxe8 23. Re5 Nf4 24. Ra5 1-0

[Event "Albrecht-Beer-Turnier Gera"]
[Site "Gera"]
[Date "2024.10.03"]
[Round "1.44"]
[White "Schönfeld, Volker"]
[Black "Schimming, Wilhelm"]
[Result "1-0"]
[WhiteElo "1940"]
[BlackElo "1612"]
[PlyCount "63"]
[EventDate "2024.10.03"]
[WhiteTeam "VfL 1990 Gera"]
[BlackTeam "SK Turm Bad Hersfeld"]

1. e4 c5 2. c3 Nf6 3. e5 Nd5 4. d4 cxd4 5. Qxd4 Nb6 6. Nf3 Nc6 7. Qe4 g6 8. Bf4
Bg7 9. Be2 O-O 10. O-O e6 11. Rd1 Nd5 12. Bg3 Nce7 13. c4 Nb6 14. Nc3 a6 15.
Bh4 Ra7 16. Bg5 h6 17. Be3 Nc6 18. Bc5 Re8 19. Qe3 Ra8 20. Bxb6 Qe7 21. Bc5 Qd8
22. Ne4 Nxe5 23. Nd6 Nxf3+ 24. Bxf3 Bxb2 25. Rab1 Bg7 26. Nxe8 Qxe8 27. Bxb7
Bxb7 28. Rxb7 Rd8 29. Bd6 Rc8 30. c5 Kh8 31. Be5 Bxe5 32. Qxe5+ 1-0

[Event "Albrecht-Beer-Turnier Gera"]
[Site "Gera"]
[Date "2024.10.03"]
[Round "1.45"]
[White "Temirbek, Amirali"]
[Black "Just, Joachim"]
[Result "1-0"]
[WhiteElo "1592"]
[BlackElo "1935"]
[PlyCount "78"]
[EventDate "2024.10.03"]
[BlackTeam "SV Motor Zeitz"]

1. e4 e6 2. d4 d5 3. Nd2 dxe4 4. Nxe4 Nd7 5. Nf3 Ngf6 6. Bd3 c5 7. dxc5 Nxe4 8.
Bxe4 Bxc5 9. Bf4 Qb6 10. O-O Nf6 11. Bd3 Bd7 12. Rb1 Rd8 13. Qe2 Nd5 14. Bg3
O-O 15. c4 Nf6 16. b4 Be7 17. c5 Qc6 18. Ne5 Qc8 19. Rfc1 Bc6 20. b5 Bd5 21. c6
b6 22. c7 Rde8 23. Nc6 Bxc6 24. bxc6 Nd5 25. Ba6 Qxc7 26. Bxc7 Nxc7 27. Bd3 Rd8
28. Qe4 f5 29. Qe2 Bf6 30. Bc4 Rd6 31. Rd1 Rxc6 32. Bb5 Rc5 33. Bd7 Re5 34. Qc4
b5 35. Qxc7 Rf7 36. Qc8+ Rf8 37. Bxe6+ Rxe6 38. Qxe6+ Kh8 39. Rxb5 Bc3 1-0

[Event "Albrecht-Beer-Turnier Gera"]
[Site "Gera"]
[Date "2024.10.03"]
[Round "1.46"]
[White "Dittrich, Carsten"]
[Black "Hildebrand, Azat"]
[Result "0-1"]
[WhiteElo "1930"]
[BlackElo "1590"]
[PlyCount "96"]
[EventDate "2024.10.03"]
[WhiteTeam "SSC Graal-Müritz"]
[BlackTeam "SC Borussia Lichtenberg"]

1. e4 c6 2. Bc4 d5 3. Bb3 dxe4 4. Qh5 g6 5. Qh4 Nf6 6. Nc3 Bg7 7. Nxe4 Nxe4 8.
Qxe4 Bf5 9. Qh4 Nd7 10. d4 O-O 11. Nf3 e5 12. Bg5 Qa5+ 13. Bd2 Qd8 14. Qxd8
Raxd8 15. Bb4 Rfe8 16. O-O-O exd4 17. Nxd4 Bxd4 18. Rxd4 c5 19. Rxd7 Rxd7 20.
Bxc5 b6 21. Be3 Rc8 22. Bh6 Bxc2 23. Bxc2 Rdc7 24. Be3 Rxc2+ 25. Kb1 Re2 26.
Rc1 Rxc1+ 27. Kxc1 Re1+ 28. Kc2 Rh1 29. Bf4 Rg1 30. g3 Rg2 31. Be3 Rxh2 32. Kc3
Rh5 33. a4 Kf8 34. b4 Ke7 35. Kc4 Kd6 36. b5 Rh1 37. a5 bxa5 38. Bxa7 a4 39.
Bc5+ Kc7 40. Kb4 Ra1 41. Be3 a3 42. b6+ Kb7 43. Kb3 h5 44. Kc2 Ra2+ 45. Kb3
Rb2+ 46. Kxa3 Rxb6 47. Bxb6 Kxb6 48. Kb4 g5 0-1

[Event "Albrecht-Beer-Turnier Gera"]
[Site "Gera"]
[Date "2024.10.03"]
[Round "1.47"]
[White "Tran, Anh Duc Kevin"]
[Black "Neumann, Michael"]
[Result "0-1"]
[WhiteElo "1585"]
[BlackElo "1920"]
[PlyCount "90"]
[EventDate "2024.10.03"]
[WhiteTeam "Erfurter SK"]
[BlackTeam "SV Mattnetz Berlin"]

1. e4 d5 2. exd5 Qxd5 3. Nc3 Qa5 4. d4 Nf6 5. Nf3 Bf5 6. Bc4 e6 7. O-O c6 8.
Ne5 Nbd7 9. Nxd7 Nxd7 10. a3 Nf6 11. Bf4 Be7 12. Bd3 Bxd3 13. Qxd3 O-O 14. b4
Qd8 15. Rfd1 Nd5 16. Nxd5 cxd5 17. c4 dxc4 18. Qxc4 Rc8 19. Qb5 Qd5 20. Qxd5
exd5 21. Rdc1 Rfd8 22. Rxc8 Rxc8 23. Rc1 Rc4 24. Rxc4 dxc4 25. Kf1 Kf8 26. Ke2
f5 27. f3 Kf7 28. g4 fxg4 29. fxg4 Ke6 30. Bd2 Kd5 31. Bc3 Bf6 32. Ke3 Bg5+ 33.
Ke2 b5 34. h3 g6 35. Bb2 Ke4 36. Ba1 Bf6 37. Bb2 Bxd4 38. Bc1 Bc3 39. h4 h5 40.
gxh5 gxh5 41. a4 bxa4 42. b5 Bf6 43. Be3 Bd4 44. Bc1 Bf6 45. Be3 a3 0-1

[Event "Albrecht-Beer-Turnier Gera"]
[Site "Gera"]
[Date "2024.10.03"]
[Round "1.48"]
[White "Just, Anita"]
[Black "Richter, Anastasia"]
[Result "1-0"]
[WhiteElo "1918"]
[BlackElo "1584"]
[PlyCount "83"]
[EventDate "2024.10.03"]
[WhiteTeam "SV Weißblau Allianz Leipzig e.V."]
[BlackTeam "SV Königsjäger Süd-West"]

1. e4 e5 2. Nf3 Nc6 3. Bc4 Nf6 4. Ng5 d5 5. exd5 Na5 6. Bb5+ c6 7. dxc6 bxc6 8.
Be2 h6 9. Nf3 e4 10. Ne5 Bd6 11. d4 O-O 12. O-O Qc7 13. f4 Rd8 14. Nc3 a6 15.
Ng4 Bxg4 16. Bxg4 Bc5 17. Kh1 Bxd4 18. Qe2 Nxg4 19. Qxg4 e3 20. Ne2 Bc5 21. b3
Rd6 22. f5 Rb8 23. Bb2 f6 24. Bc3 Nb7 25. b4 Bb6 26. Qc4+ Kh8 27. Qxa6 Nd8 28.
Nf4 c5 29. Ng6+ Kh7 30. Qe2 cxb4 31. Bxb4 Rd4 32. Be1 Rc8 33. c3 Rc4 34. Rd1
Nf7 35. Bg3 Qa7 36. Nf4 Rxc3 37. Qh5 Ng5 38. Ne6 Nxe6 39. fxe6 Qxa2 40. Rxf6
Qc2 41. Rxh6+ gxh6 42. Qf7+ 1-0

[Event "Albrecht-Beer-Turnier Gera"]
[Site "Gera"]
[Date "2024.10.03"]
[Round "1.49"]
[White "Struzina, Elias"]
[Black "Homberger, Jan"]
[Result "0-1"]
[WhiteElo "1582"]
[BlackElo "1915"]
[PlyCount "62"]
[EventDate "2024.10.03"]
[WhiteTeam "TSV Kitzscher"]
[BlackTeam "SSV Vimaria 91 Weimar"]

1. d4 Nf6 2. c4 g6 3. Nc3 Bg7 4. e4 d6 5. Nf3 O-O 6. Be2 e5 7. d5 a5 8. O-O Na6
9. Bg5 h6 10. Be3 b6 11. Qc1 Kh7 12. Nd2 Ng4 13. Bxg4 Bxg4 14. f3 Bd7 15. a4
Nc5 16. Nb5 f5 17. Qc2 f4 18. Bf2 g5 19. Nb3 h5 20. Nxc5 bxc5 21. Qd3 g4 22.
Kh1 Bh6 23. b3 Rg8 24. Be1 g3 25. Ra2 Qh4 26. h3 Bxh3 27. gxh3 Qxh3+ 28. Kg1 g2
29. Kf2 gxf1=Q+ 30. Qxf1 Qh2+ 31. Qg2 Qxg2# 0-1

[Event "Albrecht-Beer-Turnier Gera"]
[Site "Gera"]
[Date "2024.10.03"]
[Round "1.50"]
[White "Besancon, Pascal"]
[Black "Brade, Harald"]
[Result "1-0"]
[WhiteElo "1912"]
[BlackElo "1578"]
[PlyCount "64"]
[EventDate "2024.10.03"]
[WhiteTeam "SK Weida"]
[BlackTeam "ESV Lok Döbeln"]

1. e4 c5 2. Nc3 Nc6 3. g3 e6 4. Bg2 Nf6 5. Nge2 d5 6. exd5 exd5 7. d4 Be6 8.
O-O h6 9. Re1 Be7 10. dxc5 Bxc5 11. Nf4 O-O 12. Rxe6 fxe6 13. Nxe6 Qb6 14. Nxf8
Rxf8 15. Nxd5 Bxf2+ 16. Kh1 Qd8 17. Be3 Bxe3 18. Nxe3 Qb6 19. Nc4 Qc5 20. b3
Rd8 21. Qg1 Qxg1+ 22. Kxg1 Nd4 23. Bxb7 Nxc2 24. Rf1 Nb4 25. a3 Nc2 26. Rf2
Rd1+ 27. Kg2 Ne1+ 28. Kh3 Nh7 29. Ne3 Ng5+ 30. Kg4 Rd4+ 31. Rf4 Rd3 32. Nf5 Ng2
1-0

[Event "Albrecht-Beer-Turnier Gera"]
[Site "Gera"]
[Date "2024.10.03"]
[Round "1.51"]
[White "Kopiske, Karl"]
[Black "Kerstan, André"]
[Result "0-1"]
[WhiteElo "1578"]
[BlackElo "1908"]
[PlyCount "78"]
[EventDate "2024.10.03"]
[WhiteTeam "USG Chemnitz"]
[BlackTeam "SG BiBaBo Leipzig"]

1. e4 e6 2. d4 d5 3. Nd2 c5 4. Ngf3 Nf6 5. e5 Nfd7 6. c3 Nc6 7. Bd3 c4 8. Bc2
b5 9. a3 a5 10. b3 Nb6 11. O-O Be7 12. Re1 Bd7 13. bxc4 dxc4 14. Nf1 Nd5 15.
Bd2 b4 16. axb4 axb4 17. Rxa8 Qxa8 18. cxb4 Ncxb4 19. Be4 Bc6 20. Qc1 Nb6 21.
Bxc6+ Qxc6 22. Bxb4 Bxb4 23. Re2 O-O 24. Ne3 Rc8 25. h4 Nd5 26. Nc2 h6 27. Nxb4
Nxb4 28. Ne1 c3 29. Nc2 Qc4 30. Re3 Nxc2 31. Qxc2 Qxd4 32. g3 g6 33. Kf1 Rc5
34. Re4 Qd5 35. Re3 Qc4+ 36. Kg1 Qb4 37. f4 Qb2 38. Re2 Rb5 39. Kf2 Qxc2 0-1

[Event "Albrecht-Beer-Turnier Gera"]
[Site "Gera"]
[Date "2024.10.03"]
[Round "1.53"]
[White "Fischer, Fabian"]
[Black "Niemann, Silvio"]
[Result "0-1"]
[WhiteElo "1563"]
[BlackElo "1901"]
[PlyCount "74"]
[EventDate "2024.10.03"]
[WhiteTeam "SV Schott Jena"]
[BlackTeam "SV Blau-Weiß 69 Parchim"]

1. e4 c5 2. Nf3 d6 3. d4 cxd4 4. Nxd4 Nf6 5. Nc3 Nc6 6. Bb5 Bd7 7. O-O g6 8.
Bg5 Bg7 9. Nxc6 bxc6 10. Bc4 O-O 11. h3 Qa5 12. Qf3 Qxg5 13. Rae1 Rab8 14. b3
Nh5 15. Ne2 Be6 16. Bd3 Qa5 17. Nc1 Qa3 18. Be2 Rb6 19. Qd3 Nf4 20. Qf3 Nxe2+
21. Rxe2 a5 22. Re3 a4 23. Rfe1 axb3 24. axb3 Bh6 25. Qd1 Bxe3 26. Rxe3 Ra6 27.
Re1 Rfa8 28. Nd3 Qa5 29. Qc1 Qc3 30. Qe3 Ra1 31. Kf1 Rxe1+ 32. Nxe1 Qxe3 33.
fxe3 Ra2 34. Ke2 Bxb3 35. Kd2 Ba4 36. Kc1 Ra1+ 37. Kd2 Rxe1 0-1

[Event "Albrecht-Beer-Turnier Gera"]
[Site "Gera"]
[Date "2024.10.03"]
[Round "1.54"]
[White "Kosovska, Olena"]
[Black "Boroshnev, Dmytro"]
[Result "1-0"]
[WhiteElo "1896"]
[BlackElo "1543"]
[PlyCount "63"]
[EventDate "2024.10.03"]
[WhiteTeam "SG Grün-Weiß Dresden"]
[BlackTeam "SC Turm Erfurt"]

1. e4 c5 2. Nc3 d6 3. f4 Nc6 4. Nf3 e6 5. Bb5 Bd7 6. O-O Qb6 7. d3 O-O-O 8. a4
a6 9. Bc4 h6 10. Be3 Nge7 11. Qd2 Nd4 12. a5 Qa7 13. b4 Bc6 14. bxc5 Nxf3+ 15.
Rxf3 d5 16. Na4 dxc4 17. Nb6+ Kb8 18. Qc3 Ng6 19. Rg3 f6 20. Rxg6 Rg8 21. Qxc4
Be7 22. Qxe6 Rde8 23. Qg4 h5 24. Qxh5 Bd8 25. Qg4 Bc7 26. Rxg7 Rxg7 27. Qxg7 f5
28. e5 Bd8 29. Qg6 Bc7 30. Qxf5 Rg8 31. g3 Re8 32. Kf2 1-0

[Event "Albrecht-Beer-Turnier Gera"]
[Site "Gera"]
[Date "2024.10.03"]
[Round "1.55"]
[White "Braun, Kevin"]
[Black "Kapp, Frank"]
[Result "1/2-1/2"]
[WhiteElo "1539"]
[BlackElo "1892"]
[PlyCount "76"]
[EventDate "2024.10.03"]
[WhiteTeam "SV Erzgebirge Stollberg"]
[BlackTeam "TSV IFA Chemnitz"]

1. e4 e6 2. Nc3 d5 3. Nf3 c5 4. d4 Bd7 5. dxc5 dxe4 6. Nxe4 Qc7 7. Nd6+ Bxd6 8.
Qxd6 Qxd6 9. cxd6 Nf6 10. Bd3 Nc6 11. a3 h6 12. O-O O-O-O 13. c4 Rhe8 14. c5 e5
15. Bc4 Be6 16. Bxe6+ Rxe6 17. b4 Nd7 18. Bb2 g5 19. Nd2 b5 20. Rfe1 Kb7 21.
Re3 f5 22. Rae1 Rde8 23. Rf3 f4 24. Ne4 Nd4 25. Rd3 Kc6 26. g3 f3 27. Ree3 g4
28. Bxd4 exd4 29. Rxd4 Re5 30. Kf1 a5 31. Kg1 axb4 32. axb4 Ra8 33. h3 Rh5 34.
Re1 gxh3 35. Nd2 h2+ 36. Kh1 Ra2 37. Nxf3 Rxf2 38. Rh4 Rxh4 1/2-1/2

[Event "Albrecht-Beer-Turnier Gera"]
[Site "Gera"]
[Date "2024.10.03"]
[Round "1.56"]
[White "Schönrock, Rüdiger"]
[Black "Rauhut, Max"]
[Result "1-0"]
[WhiteElo "1891"]
[BlackElo "1532"]
[PlyCount "67"]
[EventDate "2024.10.03"]
[WhiteTeam "Glauchauer SC 1873"]
[BlackTeam "SC GG Potsdam"]

1. e4 c5 2. c3 d5 3. exd5 Qxd5 4. d4 cxd4 5. cxd4 a6 6. Nc3 Qd8 7. Nf3 Nf6 8.
Be2 e6 9. O-O Be7 10. Ne5 Bd7 11. Be3 Nc6 12. Bf3 Qc7 13. Rc1 Nxe5 14. dxe5
Qxe5 15. Bxb7 Rb8 16. Qf3 Bd6 17. g3 Qf5 18. Qxf5 exf5 19. Bxa6 Rxb2 20. Rfd1
Bb4 21. Nd5 Nxd5 22. Rxd5 Be6 23. Rb5 Ba3 24. Rxb2 Bxb2 25. Rb1 Be5 26. Bd4 Bd6
27. Bxg7 Rg8 28. Bf6 Bxa2 29. Bb5+ Kf8 30. Re1 Be6 31. Ra1 Bd5 32. Rd1 Rg6 33.
Bc3 Bxg3 34. fxg3 1-0

[Event "Albrecht-Beer-Turnier Gera"]
[Site "Gera"]
[Date "2024.10.03"]
[Round "1.59"]
[White "Schröder, Ulrich-Christian"]
[Black "Kaipalath, Varun Raj"]
[Result "0-1"]
[WhiteElo "1508"]
[BlackElo "1882"]
[PlyCount "66"]
[EventDate "2024.10.03"]
[BlackTeam "SV Schott Jena"]

1. d4 Nf6 2. c4 g6 3. Nf3 Bg7 4. g3 d6 5. Bg2 O-O 6. O-O c6 7. Nc3 Nbd7 8. Qc2
Qc7 9. Bf4 e5 10. Bd2 Re8 11. e3 Nb6 12. c5 dxc5 13. dxe5 Ng4 14. e4 Nxe5 15.
Bf4 Nxf3+ 16. Bxf3 Qe7 17. Rad1 Be5 18. Bxe5 Qxe5 19. b3 Be6 20. Rd2 a5 21.
Rfd1 c4 22. bxc4 Nxc4 23. Rd3 b5 24. h4 a4 25. Qe2 b4 26. Nb1 Nb2 27. h5 Bc4
28. hxg6 hxg6 29. Rc1 Bxd3 30. Qe3 Bxb1 31. Rxb1 Rad8 32. Kg2 Rd3 33. Qh6 Rxf3
0-1

[Event "Albrecht-Beer-Turnier Gera"]
[Site "Gera"]
[Date "2024.10.03"]
[Round "1.61"]
[White "Schimming, Jürgen"]
[Black "Stährfeldt, Philipp"]
[Result "1/2-1/2"]
[WhiteElo "1476"]
[BlackElo "1876"]
[PlyCount "27"]
[EventDate "2024.10.03"]
[WhiteTeam "SK Turm Bad Hersfeld"]
[BlackTeam "SC Weisse Dame"]

1. c4 c6 2. Nc3 d5 3. e3 Nf6 4. h3 Bf5 5. d4 e6 6. Bd3 Bxd3 7. Qxd3 Be7 8. Nf3
Nbd7 9. c5 O-O 10. O-O Re8 11. b4 a6 12. Bb2 Qc7 13. Ne2 Ne4 14. a4 1/2-1/2